El estado de los soviets
Guardat en:
| Autor principal: | |
|---|---|
| Format: | Llibre |
| Idioma: | espanyol |
| Publicat: |
Barcelona
Labor
1928
|
| Col·lecció: | Colección Labor. Sección IX Política, 161
|
| Matèries: | |
| Etiquetes: |
Afegir etiqueta
Sense etiquetes, Sigues el primer a etiquetar aquest registre!
|
MARC
| LEADER | 00000nam a2200000 a 4500 | ||
|---|---|---|---|
| 001 | UCV3214 | ||
| 003 | CL-VaPUC | ||
| 008 | 930503e19280000SP |||||||||||||||||spa|d | ||
| 082 | 0 | 4 | |a 342.47 |b SCH |2 21 |
| 100 | 0 | |a Schlesinger, Martin Ludwig |e author |9 297485 | |
| 245 | 1 | 3 | |a El estado de los soviets |
| 300 | |a 176 p | ||
| 942 | |c BK | ||
| 945 | |d 19930503 00:00:00 | ||
| 260 | |a Barcelona |b Labor |c 1928 | ||
| 650 | 0 | |a Constituciones |9 255417 | |
| 650 | 0 | |a Derecho constitucional |9 222588 | |
| 651 | 0 | |a Unión Soviética |9 256769 | |
| 583 | |a last modification |c 19930503 00:00:00 |k Rodrigo Vera | ||
| 490 | 0 | |a Colección Labor. Sección IX Política, 161 | |
| 999 | |c 210515 |d 210513 | ||
| 952 | |0 0 |1 0 |4 0 |6 342_470000000000000_SCH_1928 |7 0 |8 A |9 186829 |a BIBDER |b BIBDER |d 2019-11-14 |i 2544385 |o 342.47 SCH 1928 |p 2544385 |r 2023-01-25 |w 2019-11-14 |y BK |k DER | ||
| 952 | |0 0 |1 0 |4 0 |6 342_470000000000000_SCH_1928 |7 0 |8 A |9 186830 |a BIBDER |b BIBDER |d 2019-11-14 |i 3219852 |o 342.47 SCH 1928 |p 3219852 |r 2023-01-25 |w 2019-11-14 |y BK |k DER | ||